[Event "Challenge"]
[Site "http://www.queenalice.com/game.php?id=1239200"]
[Date "2013.12.10"]
[Round "-"]
[White "renet54"]
[Black "rodrigochess"]
[Result "1/2-1/2"]
[WhiteElo "1553"]
[BlackElo "1360"]

1. d4 d5 2. Nf3 Nc6 3. Bf4 Bf5 4. e3 Nb4 5. Bb5+ Nc6 6. O-O a6 7. Ba4 Nf6 8. Nc3
Ne4 9. Ne2 Bd7 10. c3 e6 11. a3 Be7 12. Bc2 O-O 13. Qb1 Na5 14. Ng3 Nc4 15. Nxe4
dxe4 16. Bxe4 Bd6 17. Bxh7+ Kh8 18. Bxd6 Nxd6 19. Qc2 Qe8 20. Qd3 Bb5 21. c4
Bxc4 22. Qc2 f5 23. Rfd1 Kxh7 24. b3 Bd5 25. e4 Bxe4 26. Qxc7 Bxf3 27. Qxd6 Bxd1
28. Rxd1 Rd8 29. Qf4 Kg8 30. h4 Qb5 31. Qf3 Qa5 32. a4 Qc7 33. h5 Rf6 34. Qh3
Rh6 35. Qh4 b5 36. axb5 axb5 37. b4 Qc4 38. Qxd8+ Kf7 39. Qd7+ Kf6 40. Qd8+ Kf7
41. Qd7+ Kf6 42. Qd8+ Kf7 43. Qd7+ Kf6 44. Qd8+ 1/2-1/2

[Event "Challenge"]
[Site "http://www.queenalice.com/game.php?id=1240572"]
[Date "2013.12.16"]
[Round "-"]
[White "toomchess"]
[Black "rodrigochess"]
[Result "1-0"]
[WhiteElo "1655"]
[BlackElo "1368"]

1. e4 e5 2. Nf3 Nc6 3. Bc4 Nf6 4. Qe2 Be7 5. c3 O-O 6. O-O Na5 7. Nxe5 Nxc4 8.
Nxc4 b5 9. e5 Nd5 10. Ne3 Nxe3 11. fxe3 Ba6 12. d4 Qc8 13. Nd2 b4 14. c4 c5 15.
b3 d5 16. Bb2 cxd4 17. exd4 h6 18. Rac1 Qc7 19. Qf3 Bg5 20. cxd5 Qa5 21. Nc4
Bxc4 22. Rxc4 Qxa2 23. Bc1 Bxc1 24. Rfxc1 Qa3 25. Qd1 Qa6 26. Rxb4 Qa5 27. Ra4
Qxd5 28. Qf3 Qb5 29. Rc5 Qe8 30. Rc7 a5 31. Qd5 Qb8 32. Rb7 Qc8 33. Rc4 Qf5 34.
h3 Qb1+ 35. Kh2 a4 36. Rxa4 Rxa4 37. bxa4 Qa1 38. a5 Qc3 39. a6 Ra8 40. Qxf7+
Kh7 41. Qxg7# 1-0

[Event "Challenge"]
[Site "http://www.queenalice.com/game.php?id=1241257"]
[Date "2013.12.19"]
[Round "-"]
[White "eduardocosta"]
[Black "rodrigochess"]
[Result "1-0"]
[WhiteElo "1674"]
[BlackElo "1345"]

1. e3 e5 2. Be2 Nc6 3. Nf3 Nf6 4. Bb5 Be7 5. Bxc6 dxc6 6. Nxe5 Bd7 7. c3 O-O 8.
d4 Bd6 9. Nd3 Bf5 10. O-O Bxd3 11. Qxd3 h6 12. c4 b5 13. cxb5 cxb5 14. Qxb5 a6
15. Qe2 Qb8 16. Nc3 Bb4 17. Na4 a5 18. a3 Qe8 19. axb4 axb4 20. b3 Qe6 21. Qb2
Nd7 22. Qd2 Qxb3 23. Nc5 Qd5 24. Rxa8 Rxa8 25. Nxd7 Qxd7 26. Qxb4 Qd8 27. Bb2
Rb8 28. Qd2 c6 29. Ba3 Rb3 30. Bc5 Rb8 31. Qe2 f6 32. Qf3 Kh8 33. Qxc6 Rc8 34.
Qb6 Qe8 35. g3 Rb8 36. Qd6 Rd8 37. Qf4 g5 38. Qxf6+ Kg8 39. Qxh6 Rd7 40. Qxg5+
Kh8 41. h4 Rg7 42. Qe5 Qg8 43. Be7 Qh7 44. Bf6 Qh6 45. Rb1 Kh7 46. Bxg7 Qxg7 47.
Qxg7+ Kxg7 48. Rb5 Kf6 49. Re5 Kg6 50. Re4 Kf5 51. Rf4+ Kg6 52. d5 Kg7 53. d6
Kh6 54. d7 Kh5 55. d8=Q Kg6 56. Qd6+ Kg7 57. Qe7+ Kg6 58. Qe6+ Kg7 59. Rf7+ Kg8
60. Qe8# 1-0

[Event "Challenge"]
[Site "http://www.queenalice.com/game.php?id=1242901"]
[Date "2013.12.26"]
[Round "-"]
[White "novoselic"]
[Black "rodrigochess"]
[Result "1-0"]
[WhiteElo "1971"]
[BlackElo "1360"]

1. e4 e5 2. Nf3 Nc6 3. Bb5 Nf6 4. O-O Nxe4 5. d4 Bd6 6. Bxc6 dxc6 7. dxe5 Bg4 8.
exd6 cxd6 9. Qd4 d5 10. Qxg7 Bxf3 11. Qxh8+ Ke7 12. Qxd8+ Rxd8 13. gxf3 Nd6 14.
Nc3 Rg8+ 15. Kh1 d4 16. Ne4 Nc4 17. Bg5+ Ke6 18. Rae1 Nxb2 19. Nf6+ Kf5 20. Nxg8
Kxg5 21. Rg1+ Kf4 22. Re4+ Kxf3 23. Rxd4 Kxf2 24. Rb1 Ke3 25. Rh4 Kd2 26. Rxb2
f5 27. Rh3 b5 28. c3+ Kc1 29. Rg2 a6 30. Rf3 h6 31. Rf1# 1-0

[Event "Challenge"]
[Site "http://www.queenalice.com/game.php?id=1242904"]
[Date "2013.12.26"]
[Round "-"]
[White "ChessLeticia"]
[Black "rodrigochess"]
[Result "1-0"]
[WhiteElo "1661"]
[BlackElo "1358"]

1. e4 e5 2. d3 d6 3. Nd2 Nf6 4. Ngf3 Nc6 5. g3 Bg4 6. Bg2 Bxf3 7. Qxf3 Be7 8.
O-O O-O 9. c3 h6 10. Re1 d5 11. exd5 Nxd5 12. Qxd5 Qb8 13. Nc4 Rd8 14. Qf3 Rd7
15. Nxe5 Bd6 16. Nxd7 Qd8 17. Qg4 Ne5 18. Nxe5 Bxe5 19. Rxe5 Qxd3 20. Bxh6 Qg6
21. Qxg6 fxg6 22. Bd5+ Kh7 23. Be3 Kh8 24. Bd4 c6 25. Bb3 a5 26. Re4 a4 27. Rh4#
1-0

[Event "Challenge"]
[Site "http://www.queenalice.com/game.php?id=1245767"]
[Date "2014.1.5"]
[Round "-"]
[White "vivoferreira"]
[Black "rodrigochess"]
[Result "1-0"]
[WhiteElo "1524"]
[BlackElo "1354"]

1. c4 e5 2. Nc3 Bb4 3. Qc2 Nc6 4. d3 Nd4 5. Qd1 Bxc3+ 6. bxc3 Nc6 7. d4 exd4 8.
cxd4 Nf6 9. Bg5 O-O 10. g3 d6 11. Bg2 h6 12. Bxf6 Qxf6 13. e3 Bf5 14. Ne2 Nb4
15. O-O Bc2 16. Qd2 Bd3 17. Rfe1 Bxe2 18. Rxe2 a5 19. Bxb7 Rab8 20. Bg2 c5 21.
a3 Nc6 22. Bxc6 cxd4 23. exd4 Rbc8 24. Bd5 a4 25. Bc6 Rxc6 26. Qd3 Rcc8 27. Rae1
Rce8 28. Rxe8 Rxe8 29. Rxe8# 1-0

[Event "Challenge"]
[Site "http://www.queenalice.com/game.php?id=1245988"]
[Date "2014.1.6"]
[Round "-"]
[White "rodrigochess"]
[Black "vivoferreira"]
[Result "0-1"]
[WhiteElo "1342"]
[BlackElo "1579"]

1. e4 e5 2. Nf3 Nc6 3. Nc3 a6 4. Bc4 Nf6 5. Ng5 d5 6. exd5 Nxd5 7. Qh5 g6 8. Qd1
Nxc3 9. Bxf7+ Kd7 10. Ne6 Nxd1 11. Nxd8 Ne3 12. dxe3 Nxd8 13. Bc4 b6 14. O-O Bb7
15. e4 Bxe4 16. Bd3 Bxd3 17. cxd3 Bg7 18. Bg5 Ne6 19. h4 Nxg5 20. hxg5 Rhe8 21.
Rad1 Rad8 22. f3 Kc8 23. b3 h6 24. a4 hxg5 25. Rfe1 Rd4 26. g4 Red8 27. Kg2 Rxd3
28. Rg1 Rxb3 29. Kh1 Rxf3 30. Kg2 Ra3 31. Rgf1 Rxa4 32. Rde1 Rxg4+ 33. Kh1 Rd2
34. Rf7 Rh4+ 35. Kg1 Bh8 36. Rf8+ Kb7 37. Ra1 e4 38. Ra3 Bd4+ 39. Kf1 Rh1# 0-1

[Event "Challenge"]
[Site "http://www.queenalice.com/game.php?id=1262241"]
[Date "2014.3.4"]
[Round "-"]
[White "eduardocosta"]
[Black "rodrigochess"]
[Result "1-0"]
[WhiteElo "1723"]
[BlackElo "1335"]

1. e3 e5 2. Be2 Nf6 3. Nf3 Nc6 4. Bb5 Be7 5. Bxc6 dxc6 6. Nxe5 Bd7 7. b3 O-O 8.
d4 Ne4 9. O-O Bb4 10. c4 Nc3 11. Nxc3 Bxc3 12. Rb1 a5 13. a3 Bf5 14. Nd3 Bxd3
15. Qxd3 Bxd4 16. Qxd4 Qe8 17. Bb2 f6 18. Qg4 h5 19. Qf4 c5 20. Qxc7 Qe4 21. Qd6
Qf5 22. Qd5+ Kh8 23. Qxf5 b6 24. Qxh5+ Kg8 25. e4 Rae8 26. f3 Rd8 27. Rbd1 Rc8
28. Qf5 Rb8 29. Rd6 b5 30. cxb5 Rxb5 31. Qd5+ Kh8 32. Rc6 Kh7 33. Rxc5 Rbb8 34.
Rxa5 Rbd8 35. Qb7 Rd2 36. Ra7 Kh6 37. Qxg7+ Kh5 38. Qxf8 Rxb2 39. b4 Rd2 40. Rg7
Ra2 41. Qh8# 1-0

[Event "Challenge"]
[Site "http://www.queenalice.com/game.php?id=1265226"]
[Date "2014.3.15"]
[Round "-"]
[White "canubeatmeimeasy"]
[Black "rodrigochess"]
[Result "0-1"]
[WhiteElo "1610"]
[BlackElo "1331"]

1. Nc3 e5 2. d4 Bb4 3. Bd2 exd4 4. Nd5 Bxd2+ 5. Qxd2 Nf6 6. Nxf6+ Qxf6 7. f3 O-O
8. O-O-O Nc6 9. c3 dxc3 10. Qxc3 Qf4+ 11. e3 Qa4 12. Qb3 Qh4 13. g3 Qg5 14. f4
Qe7 15. Bh3 Nb4 16. Ne2 d5 17. Bxc8 Rfxc8 18. Nd4 c5 19. Nf5 Qf6 20. Rxd5 a5 21.
Re5 h6 22. a3 Nc6 23. Rxc5 Rab8 24. g4 Kh8 25. h4 Qg6 26. Rg1 b6 27. Rc2 Qh7 28.
Qxf7 Rg8 29. Rxc6 g6 30. Qf6+ Rg7 31. Nxg7 Qxg7 32. Qxg7+ Kxg7 33. h5 gxh5 0-1

[Event "Challenge"]
[Site "http://www.queenalice.com/game.php?id=1278446"]
[Date "2014.5.3"]
[Round "-"]
[White "rodrigochess"]
[Black "Scaracioli"]
[Result "0-1"]
[WhiteElo "1340"]
[BlackElo "1662"]

1. e4 e5 2. Nf3 d6 3. Nc3 c6 4. Bc4 Nf6 5. Ng5 d5 6. exd5 cxd5 7. Bb5+ Nc6 8.
Bxc6+ bxc6 9. O-O h6 10. Nf3 Bd6 11. d4 Bg4 12. h3 Be6 13. Bd2 e4 14. Ne1 Qb8
15. b3 Nh5 16. Qxh5 g6 17. Qd1 f5 18. Na4 g5 19. Qh5+ Bf7 20. Qd1 Ke7 21. a3 f4
22. Bb4 Bxb4 23. axb4 Qxb4 24. Qg4 Be6 25. Qh5 Rag8 26. Nc5 Qxd4 27. Rxa7+ Kf6
28. Nxe6 Kxe6 29. Qf7+ Kd6 30. Qd7+ Ke5 31. Qxc6 Re8 32. Qc7+ Ke6 33. Qf7+ Kd6
34. Qg6+ Kc5 35. Rc7+ Kb4 36. Qd6+ Ka5 37. Rc6 Rb8 38. Qc7+ Rb6 39. Qa7+ Kb5 40.
Rxb6+ Qxb6 41. Qd7+ Qc6 42. Qa7 Rc8 43. Qa4+ Kb6 44. Qd4+ Qc5 45. Qf6+ Kb5 46.
Qxh6 d4 47. Qh7 e3 48. fxe3 dxe3 49. Qd3+ Kb6 50. Qg6+ Rc6 51. Qe8 Rd6 52. Qb8+
Kc6 53. Qa8+ Kd7 54. Nd3 Rxd3 55. cxd3 e2+ 56. Rf2 e1=Q+ 57. Kh2 Qexf2 58. Qb7+
Kd6 59. b4 Qg3+ 60. Kh1 Qc1# 0-1

[Event "Challenge"]
[Site "http://www.queenalice.com/game.php?id=1278447"]
[Date "2014.5.3"]
[Round "-"]
[White "rodrigochess"]
[Black "tucuman"]
[Result "0-1"]
[WhiteElo "1333"]
[BlackElo "1769"]

1. e4 e5 2. Nf3 d6 3. Nc3 a6 4. Bc4 h6 5. d3 Nf6 6. O-O Nc6 7. Bd5 Nxd5 8. exd5
Nd4 9. Be3 Nxf3+ 10. Qxf3 b6 11. a4 Bb7 12. Qd1 Qd7 13. h3 Be7 14. Ne2 O-O-O 15.
Nc3 Kb8 16. Qf3 f5 17. Nb1 g5 18. Nc3 h5 19. Ne2 g4 20. hxg4 hxg4 21. Qg3 f4 22.
Nxf4 exf4 23. Bxf4 Bxd5 24. c3 Rh7 25. Qe3 Rdh8 26. f3 gxf3 27. gxf3 Rg8+ 28.
Kf2 Rh3 29. c4 Rxf3+ 30. Qxf3 Bxf3 31. Kxf3 Qh3+ 32. Ke4 Qh4 33. Rh1 Qf2 34.
Rae1 c5 35. Be3 Rg4+ 36. Kd5 Qf5+ 37. Kc6 Qc8+ 38. Kd5 Qf5+ 39. Kc6 Qc8+ 40.
Kxb6 Qb7+ 41. Ka5 Bd8# 0-1

[Event "Challenge"]
[Site "http://www.queenalice.com/game.php?id=1280123"]
[Date "2014.5.8"]
[Round "-"]
[White "tucuman"]
[Black "rodrigochess"]
[Result "1-0"]
[WhiteElo "1668"]
[BlackElo "1358"]

1. c3 e5 2. e4 Nf6 3. d3 Nc6 4. h3 Be7 5. Nd2 O-O 6. a3 d6 7. Ngf3 Bd7 8. Be2
Qe8 9. O-O Na5 10. b4 Ba4 11. Qe1 Nb3 12. Nxb3 Bxb3 13. Nh2 Qd8 14. a4 Nd7 15.
a5 h6 16. Bd1 Bxd1 17. Qxd1 c5 18. bxc5 Nxc5 19. Be3 Bg5 20. Bxg5 Qxg5 21. Nf3
Qf6 22. Nh2 Qd8 23. Re1 Qe7 24. c4 Qd8 25. Ng4 h5 26. Ne3 f6 27. Nd5 1-0

[Event "Challenge"]
[Site "http://www.queenalice.com/game.php?id=1290528"]
[Date "2014.6.26"]
[Round "-"]
[White "Petrucio"]
[Black "rodrigochess"]
[Result "0-1"]
[WhiteElo "1154"]
[BlackElo "1331"]

1. Nc3 e5 2. Ne4 Nf6 3. Ng5 h6 4. N5h3 Bc5 5. e3 O-O 6. c4 d6 7. Qa4 Bd7 8. Qa5
Nc6 9. Qb5 a6 10. Qxb7 a5 11. Bd3 Nb4 12. Ke2 Bc6 13. Bh7+ Nxh7 14. a3 Bxb7 15.
axb4 axb4 16. Rb1 Bxg2 17. b3 Bxh1 18. e4 Bg2 19. Kd3 Bxh3 20. Bb2 Qf6 21. Nxh3
Qf3+ 22. Kc2 Qxh3 23. Rg1 Bxf2 24. Rg2 Ra2 25. Rxf2 Qh4 26. Rg2 Qxe4+ 27. Kc1
Qxg2 28. c5 dxc5 29. Bxe5 Qxd2+ 30. Kb1 Qc2# 0-1

[Event "Challenge"]
[Site "http://www.queenalice.com/game.php?id=1297278"]
[Date "2014.7.25"]
[Round "-"]
[White "tucuman"]
[Black "rodrigochess"]
[Result "1-0"]
[WhiteElo "1648"]
[BlackElo "1337"]

1. e4 e5 2. d4 exd4 3. Qxd4 Be7 4. Qxg7 Bb4+ 5. Bd2 Qe7 6. Bd3 Bxd2+ 7. Nxd2 d6
8. Qxh8 Nc6 9. Qxg8+ Kd7 10. Qxh7 Nb4 11. Ngf3 Nxd3+ 12. cxd3 b6 13. O-O Ba6 14.
Rfe1 Bxd3 15. Qf5+ Kd8 16. Ng5 a5 17. Nxf7+ Ke8 18. Ng5 a4 19. Qg6+ Kd8 20. Qg8+
Qe8 21. Qd5 Ra5 22. Qxd3 1-0

[Event "Challenge"]
[Site "http://www.queenalice.com/game.php?id=1323613"]
[Date "2014.11.22"]
[Round "-"]
[White "rodrigochess"]
[Black "ChrisBidlack"]
[Result "0-1"]
[WhiteElo "1324"]
[BlackElo "1227"]

1. e4 e5 2. Nf3 d6 3. Nc3 Nf6 4. Bc4 Be7 5. Qe2 O-O 6. O-O Nc6 7. Bd5 Nd4 8. Qd3
c5 9. Nxd4 cxd4 10. Nb5 a6 11. Na3 Rb8 12. b4 Bd7 13. Bb2 Bc6 14. Bxc6 bxc6 15.
Qxa6 Rxb4 16. Rab1 c5 17. c3 Rb6 18. Qe2 Qd7 19. Nc4 Rb5 20. h3 Rfb8 21. d3 d5
22. Nxe5 Qb7 23. cxd4 Rxb2 24. Rxb2 Qxb2 25. Qf3 dxe4 26. Qg3 exd3 27. Nxd3 Qb6
28. dxc5 Qc6 29. Qxb8+ Bf8 30. Rb1 Nd7 31. Qb3 Qf6 32. c6 Qxc6 33. Rc1 Qh6 34.
Rc8 Qd2 35. Nb4 g6 36. Nc6 Kg7 37. Qb7 Bd6 38. Qxd7 Qd1# 0-1

[Event "Challenge"]
[Site "http://www.queenalice.com/game.php?id=1354074"]
[Date "2015.4.17"]
[Round "-"]
[White "rodrigochess"]
[Black "Michihall"]
[Result "0-1"]
[WhiteElo "1326"]
[BlackElo "1855"]

1. e4 e5 2. Nf3 Nc6 3. Nc3 Nf6 4. Bc4 Bb4 5. Ng5 O-O 6. O-O h6 7. Nf3 d6 8. a3
Bxc3 9. dxc3 Nxe4 10. Be3 Bg4 11. Be2 f5 12. h3 Bh5 13. c4 f4 14. Nd2 Nxd2 15.
Qxd2 fxe3 16. Qxe3 Bxe2 17. Qxe2 Nd4 18. Qe4 c6 19. c3 Rf4 20. Qb1 Qf6 21. cxd4
Rxd4 22. b3 Rf8 23. Qe1 Rf4 24. a4 d5 25. Qb4 Rxf2 26. Qxb7 Rxf1+ 27. Rxf1 Qxf1+
28. Kh2 Rf2 29. Kg3 Rxg2+ 0-1

[Event "Challenge"]
[Site "http://www.queenalice.com/game.php?id=1354075"]
[Date "2015.4.17"]
[Round "-"]
[White "Karjaking"]
[Black "rodrigochess"]
[Result "1-0"]
[WhiteElo "1716"]
[BlackElo "1328"]

1. e4 e5 2. Nf3 Nc6 3. Bc4 Nf6 4. d3 d6 5. Ng5 h6 6. Nxf7 Qe7 7. Nxh8 Bg4 8. f3
Bd7 9. Nf7 Be6 10. Nxd6+ Qxd6 11. Nc3 Bxc4 12. dxc4 Qc5 13. Qe2 O-O-O 14. Be3
Qd6 15. Rd1 Qb4 16. Rxd8+ Nxd8 17. O-O Qxb2 18. Qd3 Qa3 19. Rd1 Bc5 20. Qxd8#
1-0

[Event "Challenge"]
[Site "http://www.queenalice.com/game.php?id=1354076"]
[Date "2015.4.17"]
[Round "-"]
[White "rodrigochess"]
[Black "VamosJogar"]
[Result "0-1"]
[WhiteElo "1302"]
[BlackElo "1702"]

1. e4 d5 2. e5 Nc6 3. Nf3 Bg4 4. Be2 Bxf3 5. Bxf3 Nxe5 6. O-O e6 7. Nc3 Bd6 8.
d4 Nc6 9. Bh5 Nf6 10. Bg5 h6 11. Bxf6 Qxf6 12. Nb5 a6 13. Nxd6+ cxd6 14. c3 Ne7
15. Qa4+ Nc6 16. Qa3 Qe7 17. b3 e5 18. dxe5 dxe5 19. Qc1 O-O 20. c4 dxc4 21.
Qxc4 Rae8 22. Qc1 Nd4 23. h3 Qh4 24. Bd1 f5 25. Qc4+ Kh8 26. Qc5 Qe4 27. Bf3
Nxf3+ 28. gxf3 Qxf3 29. h4 Qg4+ 30. Kh1 Qxh4+ 31. Kg1 e4 32. Qc7 Rf6 33. Qg3 Qh5
34. Rac1 Rg6 35. Rce1 f4 36. Qxg6 Qxg6+ 37. Kh1 Qh5+ 38. Kg1 f3 39. a4 Qh3 40.
b4 Qg2# 0-1

[Event "Challenge"]
[Site "http://www.queenalice.com/game.php?id=1354082"]
[Date "2015.4.17"]
[Round "-"]
[White "rodrigochess"]
[Black "jahe"]
[Result "1-0"]
[WhiteElo "1302"]
[BlackElo "1707"]

1. e4 c5 2. Nc3 Nc6 3. Bc4 e6 4. Nf3 Nge7 5. Ng5 g6 6. O-O Bg7 7. d3 O-O 8. Bf4
a6 9. Qg4 d6 10. Qg3 e5 11. Be3 Na5 12. Nd5 Nxc4 13. dxc4 b5 14. Qh4 h6 15. Nf3
bxc4 16. Nxe7+ Kh7 17. h3 Ra7 18. Qg3 Qxe7 19. b3 cxb3 20. cxb3 f5 21. exf5 e4
22. Ne1 Bxa1 23. Qxg6+ Kh8 24. Qxh6+ Qh7 25. Qxf8+ Qg8 26. Qxd6 Bxf5 27. Qh6+
Bh7 28. Bxc5 Bg7 29. Qe3 Rc7 30. a4 Be5 31. Bb6 Rc3 32. Nd3 Rxd3 33. Qc5 Qg5 34.
b4 Rc3 35. Qa5 Rxh3 36. g3 Bxg3 37. Qxg5 1-0

[Event "Challenge"]
[Site "http://www.queenalice.com/game.php?id=1354083"]
[Date "2015.4.17"]
[Round "-"]
[White "Excsiu"]
[Black "rodrigochess"]
[Result "1-0"]
[WhiteElo "1780"]
[BlackElo "1324"]

1. e4 e5 2. Nf3 Nc6 3. a3 Nf6 4. Nc3 d6 5. Bb5 Bd7 6. O-O Be7 7. Bxc6 Bxc6 8. d3
O-O 9. Bg5 h6 10. Bxf6 Bxf6 11. b4 d5 12. b5 Bd7 13. exd5 Qe8 14. a4 Bg4 15. Re1
1-0

[Event "Challenge"]
[Site "http://www.queenalice.com/game.php?id=1354084"]
[Date "2015.4.17"]
[Round "-"]
[White "rodrigochess"]
[Black "junipero"]
[Result "0-1"]
[WhiteElo "1304"]
[BlackElo "1971"]

1. e4 c5 2. Nc3 Nc6 3. Bb5 d6 4. Nd5 Bd7 5. Bxc6 Bxc6 6. Nc3 e5 7. Nf3 Nf6 8. d3
h6 9. O-O Be7 10. Bd2 O-O 11. h3 a6 12. Nh4 Nxe4 13. dxe4 Bxh4 14. Be1 b5 15. g3
Bf6 16. a4 Qc7 17. Bd2 Qd7 18. b3 Qxh3 19. Nd5 Bxd5 20. exd5 Qf5 21. axb5 axb5
22. Rxa8 Rxa8 23. Qe2 Qxc2 24. Rc1 Qxb3 25. Qe1 Qxd5 26. Rb1 Ra2 27. Rd1 Qf3 28.
Kf1 Bg5 29. Bxg5 Qh1# 0-1

[Event "Challenge"]
[Site "http://www.queenalice.com/game.php?id=1354085"]
[Date "2015.4.17"]
[Round "-"]
[White "tucuman"]
[Black "rodrigochess"]
[Result "1-0"]
[WhiteElo "1630"]
[BlackElo "1332"]

1. e4 e5 2. Bc4 Nf6 3. d3 Nc6 4. Nf3 Nd4 5. Ng5 Be7 6. Nxf7 d5 7. Nxd8 Bxd8 8.
exd5 O-O 9. O-O Bg4 10. f3 Bh5 11. d6+ Bf7 12. dxc7 Bxc7 13. Be3 Bxc4 14. dxc4
h6 15. Nc3 a6 16. Bxd4 exd4 17. Qxd4 Rad8 18. Qc5 Rc8 19. Qb4 b6 20. Nd5 a5 21.
Qd2 Rfd8 22. Nxf6+ gxf6 23. Qxh6 Be5 24. Qg6+ Kf8 25. c3 Rd2 26. f4 Bd6 27.
Qxf6+ Ke8 28. Rfe1+ Kd7 29. Rad1 Rxd1 30. Rxd1 Rxc4 31. Rxd6+ Kc7 32. Qe7+ Kb8
33. Rd8+ Rc8 34. Qd6+ Kb7 35. Rxc8 Kxc8 36. f5 b5 37. f6 b4 38. f7 Kb7 39. f8=Q
bxc3 40. Qf7+ Ka8 41. Qd8# 1-0

[Event "Challenge"]
[Site "http://www.queenalice.com/game.php?id=1354121"]
[Date "2015.4.18"]
[Round "-"]
[White "rodrigochess"]
[Black "carpio1969"]
[Result "0-1"]
[WhiteElo "1333"]
[BlackElo "1505"]

1. e4 e5 2. Nc3 c6 3. Nf3 a5 4. Nxe5 Qe7 5. d4 d6 6. Nd3 d5 7. Be2 dxe4 8. Ne5
f6 9. Nc4 Nd7 10. d5 f5 11. d6 Qe6 12. Bf4 b5 13. Ne5 Nxe5 14. Bxe5 Qxe5 15. O-O
Bxd6 16. Bh5+ Kf8 17. g3 Nf6 18. f4 Qc5+ 19. Kh1 g6 20. Be2 Kg7 21. Qe1 Ba6 22.
b3 h5 23. a3 Nd5 24. Nxd5 Qxd5 25. c4 bxc4 26. Qc3+ Kh7 27. bxc4 Qc5 28. Qf6
Bxc4 29. Bxc4 Qxc4 30. Qxd6 Rae8 31. Qc7+ Kh6 32. Qxa5 e3 33. Rfe1 Qe4+ 34. Kg1
e2 35. Ra2 Qf3 36. Raxe2 Rxe2 37. Rxe2 Qxe2 38. a4 Rb8 39. Qc5 Rb1+ 40. Qc1
Rxc1# 0-1